2010's R&B / RNB artists - Statistics

General Stats
  • This quiz has been taken 137 times
  • The average score is 13 of 30
Answer Stats
Song Artist % Correct
Die for You The Weeknd
90%
Love On the Brain Rihanna
85%
Under The Influence Chris Brown
75%
Don't Bryson Tiller
70%
Sure Thing Miguel
70%
Redbone Childish Gambino
68%
Thinkin Bout You Frank Ocean
68%
Break From Toronto PARTYNEXTDOOR
64%
Girls Need Love Summer Walker
63%
The Weekend SZA
61%
Best Part Daniel Caesar
54%
Sativa Jhené Aiko
51%
Boo'd Up Ella Mai
49%
Location Khalid
49%
There Goes My Baby Usher
48%
Focus H.E.R.
44%
Oui Jeremih
44%
XO Beyoncé
43%
Say It Tory Lanez
41%
2 On Tinashe
35%
Trust Brent Faiyaz
32%
Cranes in the Sky Solange
27%
Slow Motion Trey Songz
26%
Motivation Kelly Rowland
23%
Gonna Love Me Teyana Taylor
17%
Or Nah Ty Dolla $ign
13%
Blue Lights Jorja Smith
12%
Pretty Little Fears 6LACK
11%
Girl The Internet
5%
Let Me Know Tamar Braxton
3%
No matching quizzes found
Score Distribution
Percent of People with Each Score
Percentile by Number Answered
Your Score History
You have not taken this quiz